| 000 | 00372nam a22001571a 4500 | ||
|---|---|---|---|
| 020 | _a9788181431035 | ||
| 082 |
_aH1 _bSUR/K |
||
| 100 | _aSurajpal Chauhan | ||
| 245 |
_aKyun vishwas karoon/ _cby Surajpal Chauhan |
||
| 260 |
_aNew Delhi: _bVani, _c2004. |
||
| 300 | _a68p. | ||
| 650 | _aPoetry Hindi | ||
| 650 | _aLiterature Hindi | ||
| 650 | _aLiterature | ||
| 942 | _cBK | ||
| 999 |
_c24995 _d24995 |
||